[Event "Pianoro op"]
[Site "Pianoro"]
[Date "2011.11.25"]
[Round "1"]
[White "Mrdja, Milan"]
[Black "Bonetti, Carlo"]
[Result "1-0"]
[WhiteElo "2406"]
[BlackElo "1915"]
[PlyCount "63"]
[EventDate "2011.11.25"]
[EventType "swiss"]
[EventRounds "5"]
[EventCountry "ITA"]
[SourceTitle "CBM 145 Extra"]
[Source "ChessBase"]
[SourceDate "2012.01.03"]
[SourceVersion "1"]
[SourceVersionDate "2012.01.03"]
[SourceQuality "1"]

1. e4 e6 2. d4 d5 3. Nc3 Nf6 4. Bg5 dxe4 5. Nxe4 Be7 6. Bxf6 gxf6 7. Nf3 b6 8. Bb5+ c6 9. Bc4 Ba6 10. Bxa6 Nxa6 11. Qe2 Nc7 12. 0-0-0 Qd5 13. Kb1 Rg8 14. g3 Qb5 15. c4 Qa5 16. Rd3 Qa6 17. Rc1 0-0-0 18. Ned2 Kb8 19. Qe3 Rge8 20. Qh6 Rd5 21. Qxh7 Ra5 22. a3 b5 23. Rb3 b4 24. axb4 Ra1+ 25. Kc2 Ra4 26. Qxf7 Rxb4 27. Kb1 Ka8 28. Rxb4 Bxb4 29. Qxc7 Rb8 30. Rc2 Ba3 31. d5 cxd5 32. Nd4 1-0

[Event "Plzen op-A 10th"]
[Site "Plzen"]
[Date "2004.??.??"]
[Round "1"]
[White "Bonetti, Carlo"]
[Black "Zeleny, Tomas"]
[Result "0-1"]
[WhiteElo "2030"]
[BlackElo "2250"]
[PlyCount "47"]
[EventDate "2004.08.??"]
[EventType "swiss"]
[EventRounds "9"]
[EventCountry "CZE"]
[SourceTitle "EXT 2007"]
[Source "ChessBase"]
[SourceDate "2006.11.23"]
[SourceVersion "1"]
[SourceVersionDate "2006.11.23"]
[SourceQuality "1"]

1. c4 Nf6 2. g3 c5 3. Bg2 d5 4. cxd5 Nxd5 5. Nc3 Nc7 6. Nf3 Nc6 7. 0-0 e5 8. d3 Be7 9. Nd2 Be6 10. Bxc6+ bxc6 11. Qa4 Qd7 12. Nc4 f6 13. Bd2 Nd5 14. Rac1 0-0 15. Rfd1 Nb6 16. Qc2 Nxc4 17. dxc4 Bxc4 18. Be3 Qh3 19. Na4 Bd5 20. f3 c4 21. Nc5 f5 22. Bf2 e4 23. Rxd5 cxd5 24. f4 0-1

[Event "Plzen op-A 10th"]
[Site "Plzen"]
[Date "2004.??.??"]
[Round "2"]
[White "Novy, Vaclav"]
[Black "Bonetti, Carlo"]
[Result "1-0"]
[WhiteElo "2090"]
[BlackElo "2030"]
[PlyCount "77"]
[EventDate "2004.08.??"]
[EventType "swiss"]
[EventRounds "9"]
[EventCountry "CZE"]
[SourceTitle "EXT 2007"]
[Source "ChessBase"]
[SourceDate "2006.11.23"]
[SourceVersion "1"]
[SourceVersionDate "2006.11.23"]
[SourceQuality "1"]

1. e4 e6 2. d4 d5 3. e5 c5 4. c3 Qb6 5. Nf3 Nc6 6. Bd3 cxd4 7. cxd4 Bd7 8. 0-0 Nxd4 9. Nbd2 Ne7 10. Nxd4 Qxd4 11. Nf3 Qb6 12. Qe2 Nc6 13. Be3 Qd8 14. Bb5 a6 15. Bxc6 bxc6 16. Rfc1 Qa5 17. Nd4 Qc7 18. f4 c5 19. Nb3 c4 20. Nd4 Bc5 21. Qg4 0-0 22. Qe2 Qb6 23. Rd1 Ba4 24. Rd2 Bb5 25. Qd1 a5 26. Qc2 a4 27. a3 g6 28. Re1 Rfc8 29. Qd1 Qa5 30. Rc2 Ba7 31. Rc3 Rab8 32. Kh1 Ba6 33. Qd2 Bxd4 34. Bxd4 Rb3 35. f5 gxf5 36. Qh6 Rxc3 37. Bxc3 Qd8 38. Re3 Qf8 39. Rg3+ 1-0

[Event "Letojanni op 2nd"]
[Site "Letojanni"]
[Date "2002.12.26"]
[Round "6"]
[White "Tuttobene, Sergio"]
[Black "Bonetti, Carlo"]
[Result "1-0"]
[WhiteElo "2113"]
[BlackElo "1778"]
[PlyCount "123"]
[EventDate "2002.12.21"]
[EventType "swiss"]
[EventRounds "9"]
[EventCountry "ITA"]
[SourceTitle "EXT 2007"]
[Source "ChessBase"]
[SourceDate "2006.11.23"]
[SourceVersion "1"]
[SourceVersionDate "2006.11.23"]
[SourceQuality "1"]

1. e4 g6 2. d4 Bg7 3. c3 d6 4. Bc4 Nf6 5. Qe2 e5 6. Nf3 Nc6 7. dxe5 Nxe5 8. Nxe5 dxe5 9. 0-0 0-0 10. f3 Ne8 11. Be3 Qe7 12. a4 Nd6 13. Bc5 Be6 14. Na3 a6 15. Rfd1 Rfd8 16. Bd5 Bxd5 17. Rxd5 b6 18. Bf2 a5 19. Rad1 Nb7 20. Nc4 Rxd5 21. Rxd5 Rd8 22. Qd2 f6 23. Rxd8+ Qxd8 24. Qxd8+ Nxd8 25. Ne3 Kf7 26. Nd5 Ne6 27. Kf1 Bf8 28. g3 Bc5 29. b4 Bd6 30. Ke2 axb4 31. cxb4 c6 32. Nxb6 Bxb4 33. Nc4 Ke7 34. Kd3 Kd7 35. Bb6 Nc5+ 36. Bxc5 Bxc5 37. Ne3 Kc7 38. Ng4 Be7 39. Kc4 Kb6 40. Nh6 Ka5 41. Kb3 Bd8 42. Ng8 h5 43. h3 f5 44. Nh6 fxe4 45. fxe4 Bg5 46. Nf7 Bf6 47. g4 Kb6 48. Kc4 Kc7 49. gxh5 gxh5 50. Nh6 Bh4 51. Nf5 Bf2 52. Ng7 h4 53. Nf5 Kb7 54. Ne7 Kb6 55. Ng6 Bg3 56. Nf8 Bh2 57. Ne6 Bg1 58. Ng5 Be3 59. Nf3 Bf4 60. Nxh4 Bg5 61. Nf3 Bc1 62. h4 1-0

[Event "Siena Magari Memorial op 7th"]
[Site "Siena"]
[Date "2002.11.03"]
[Round "5"]
[White "Bonetti, Carlo"]
[Black "Nelli, Carlo"]
[Result "0-1"]
[WhiteElo "1778"]
[BlackElo "1779"]
[PlyCount "67"]
[EventDate "2002.11.01"]
[EventType "swiss"]
[EventRounds "6"]
[EventCountry "ITA"]
[SourceTitle "EXT 2007"]
[Source "ChessBase"]
[SourceDate "2006.11.23"]
[SourceVersion "1"]
[SourceVersionDate "2006.11.23"]
[SourceQuality "1"]

1. e4 d6 2. d3 Nc6 3. Nf3 g6 4. c3 Bg7 5. Nbd2 e5 6. Be2 Be6 7. Qc2 f5 8. b4 Nh6 9. Bb2 Nf7 10. a3 0-0 11. h3 Ne7 12. Nh2 Qd7 13. d4 d5 14. c4 c6 15. Nhf3 fxe4 16. Nxe5 Nxe5 17. dxe5 Rf7 18. Nb3 Raf8 19. Nc5 Qc8 20. Nxe6 Qxe6 21. Bd4 Bxe5 22. Bxe5 Qxe5 23. 0-0 Rxf2 24. cxd5 Rxf1+ 25. Rxf1 Rxf1+ 26. Kxf1 cxd5 27. Bg4 h5 28. Bd7 Kg7 29. a4 e3 30. Ke2 Qf4 31. Ke1 Qxb4+ 32. Kf1 Qd6 33. Bc8 Nxc8 34. Qxc8 0-1

[Event "Siena Magari Memorial op 7th"]
[Site "Siena"]
[Date "2002.11.01"]
[Round "1"]
[White "Bonetti, Carlo"]
[Black "Qvortrup, Jon"]
[Result "1/2-1/2"]
[WhiteElo "1778"]
[BlackElo "2232"]
[PlyCount "73"]
[EventDate "2002.11.01"]
[EventType "swiss"]
[EventRounds "6"]
[EventCountry "ITA"]
[SourceTitle "EXT 2007"]
[Source "ChessBase"]
[SourceDate "2006.11.23"]
[SourceVersion "1"]
[SourceVersionDate "2006.11.23"]
[SourceQuality "1"]

1. e4 e6 2. d4 d5 3. e5 c5 4. c3 Qb6 5. Nf3 Bd7 6. a3 Nh6 7. b4 cxd4 8. cxd4 Be7 9. Nc3 Nf5 10. Be3 0-0 11. Bd3 Nxe3 12. fxe3 f5 13. exf6 Bxf6 14. 0-0 Be8 15. Qc2 h6 16. Qf2 Nd7 17. Qg3 Rc8 18. Rac1 Bf7 19. Na4 Qd8 20. Nc5 Nxc5 21. bxc5 Qa5 22. Ne5 Bxe5 23. Qxe5 Qxa3 24. Bb5 a6 25. Bd7 Rcd8 26. Bxe6 Bxe6 27. Rxf8+ Rxf8 28. Qxe6+ Kh7 29. Rf1 Rxf1+ 30. Kxf1 Qd3+ 31. Ke1 Qb1+ 32. Kf2 Qc2+ 33. Ke1 a5 34. Qxd5 a4 35. e4 Qc1+ 36. Ke2 Qc2+ 37. Ke1 1/2-1/2

[Event "Padova Fornace op 4th"]
[Site "Padova"]
[Date "2001.12.23"]
[Round "5.12"]
[White "Bonetti, Carlo"]
[Black "Fracasso Pezzolato, Michele"]
[Result "1-0"]
[WhiteElo "1664"]
[BlackElo "1585"]
[PlyCount "83"]
[EventDate "2001.12.15"]
[EventType "swiss"]
[EventRounds "6"]
[EventCountry "ITA"]
[SourceTitle "EXT 2024"]
[Source "ChessBase"]
[SourceDate "2023.10.10"]
[SourceVersion "1"]
[SourceVersionDate "2023.10.10"]
[SourceQuality "1"]

1. e4 c5 2. Nf3 Nc6 3. d4 cxd4 4. Nxd4 Nf6 5. Nc3 d6 6. Bb5 Bd7 7. 0-0 a6 8. Nxc6 bxc6 9. Bc4 g6 10. a4 a5 11. Qe2 Qc7 12. Ra3 Bg7 13. Bg5 0-0 14. Re1 Ng4 15. h3 d5 16. hxg4 dxc4 17. Qxc4 Qe5 18. Bd2 Bxg4 19. Qxc6 e6 20. Rb3 Rac8 21. Qb5 Rc5 22. Qd7 Bf6 23. Be3 Rd8 24. Qa7 Rc7 25. Qb6 Rcd7 26. Rb5 Qd6 27. Qxd6 Rxd6 28. f3 Bxc3 29. bxc3 Bh5 30. Bb6 Rd1 31. Kf2 R8d2+ 32. Re2 g5 33. Rxg5+ Bg6 34. Rxa5 Rd6 35. Ra8+ Kg7 36. Bd4+ f6 37. e5 R6xd4 38. exf6+ Kxf6 39. cxd4 Rxd4 40. a5 Rc4 41. a6 Bxc2 42. a7 1-0

[Event "Padova Fornace op 4th"]
[Site "Padova"]
[Date "2001.12.15"]
[Round "1.29"]
[White "Bonetti, Carlo"]
[Black "Varotto, Adriano"]
[Result "1-0"]
[WhiteElo "1664"]
[BlackElo "1500"]
[PlyCount "115"]
[EventDate "2001.12.15"]
[EventType "swiss"]
[EventRounds "6"]
[EventCountry "ITA"]
[SourceTitle "EXT 2024"]
[Source "ChessBase"]
[SourceDate "2023.10.10"]
[SourceVersion "1"]
[SourceVersionDate "2023.10.10"]
[SourceQuality "1"]

1. e4 e5 2. Nf3 Nc6 3. Bb5 d6 4. 0-0 Bd7 5. d4 exd4 6. e5 dxe5 7. Re1 f6 8. Nh4 Nh6 9. Bxc6 Bxc6 10. Bxh6 gxh6 11. Qh5+ Ke7 12. f4 Qe8 13. Qxe8+ Rxe8 14. fxe5 Kd7 15. Na3 fxe5 16. Nc4 Bd6 17. Rad1 Rhg8 18. c3 Rg4 19. g3 b5 20. Nxd6 cxd6 21. cxd4 Rxd4 22. Rxd4 exd4 23. Rxe8 Kxe8 24. Nf5 Kd7 25. Nxd4 d5 26. b4 Kd6 27. Kf2 Bd7 28. Kf3 Ke5 29. Ke3 a6 30. Nf3+ Kd6 31. Kd4 Bg4 32. Ne5 Be6 33. g4 Bg8 34. h4 Be6 35. a3 Bg8 36. g5 hxg5 37. hxg5 Be6 38. Nd3 Bc8 39. Nf4 Be6 40. Nh5 Bf5 41. Nf6 Be4 42. Nxe4+ dxe4 43. Kxe4 Ke6 44. Kf4 Kd5 45. Kf5 Kc4 46. Kf6 Kb3 47. Kg7 Kxa3 48. Kxh7 Kxb4 49. g6 Ka3 50. g7 b4 51. g8Q a5 52. Qc4 a4 53. Qc1+ Kb3 54. Qb1+ Ka3 55. Kg6 b3 56. Kf5 Kb4 57. Qb2 a3 58. Qd4+ 1-0